000 00714nam a2200289Ia 4500
005 20260324125249.0
008 008 260324s9999 xx 000 0 eng d
020 _a9780203894668
037 _aEBOOK
040 _aCRL
040 _beng
040 _cCRL
041 _2eng
041 _aeng
084 _qCRL
100 _aDave Hill
_91146593
245 4 _aThe Rich World and the Impoverishment of Education
245 0 _bDiminishing Democracy, Equity and Workers' Rights
260 _bTaylor and Francis
260 _c2009
365 _a
365 _b255
856 _uhttp://www.taylorfrancis.com/books/9780203894668
942 _cEBOOK
999 _c1772413
_d1772413